[Event "Asia zt 3.2"]
[Site "Dhaka"]
[Date "2023.05.10"]
[Round "9"]
[White "Abu, Tarique"]
[Black "Shadat, Kibria Ayaan"]
[Result "1-0"]
[WhiteElo "1746"]
[BlackElo "1775"]
[PlyCount "65"]
[EventDate "2023.05.02"]
[EventType "swiss"]
[EventRounds "9"]
[EventCountry "BAN"]
[SourceTitle "CBM 214 Extra"]
[Source "ChessBase"]
[SourceDate "2023.07.31"]
[SourceVersion "1"]
[SourceVersionDate "2023.07.31"]
[SourceQuality "1"]

1. e4 e5 2. Nf3 Nc6 3. Bc4 Bc5 4. 0-0 Nf6 5. c3 Nxe4 6. Bd5 Nf6 7. Bxc6 dxc6 8. Nxe5 0-0 9. d4 Bd6 10. Bg5 h6 11. Bh4 g5 12. Bg3 Ne4 13. Nd2 Nxd2 14. Qxd2 Bxe5 15. Bxe5 f6 16. Bg3 Be6 17. f4 Qd7 18. Rf2 Kg7 19. b3 g4 20. f5 Bxf5 21. Raf1 Be4 22. Bh4 f5 23. Bg3 Rae8 24. Bf4 Re6 25. Be5+ Kh7 26. Qf4 Rc8 27. Re1 g3 28. hxg3 Rg8 29. Rxe4 fxe4 30. Qxe4+ Rgg6 31. Rf8 Rxe5 32. Qxe5 Qg7 33. Qf5 1-0

[Event "Asia zt 3.2"]
[Site "Dhaka"]
[Date "2023.05.02"]
[Round "1"]
[White "Abu, Tarique"]
[Black "Shawket Bin, Osman Shaon"]
[Result "0-1"]
[WhiteElo "1746"]
[BlackElo "2084"]
[PlyCount "98"]
[EventDate "2023.05.02"]
[EventType "swiss"]
[EventRounds "9"]
[EventCountry "BAN"]
[SourceTitle "CBM 214 Extra"]
[Source "ChessBase"]
[SourceDate "2023.07.31"]
[SourceVersion "1"]
[SourceVersionDate "2023.07.31"]
[SourceQuality "1"]

1. e4 c5 2. Nf3 e6 3. d4 cxd4 4. Nxd4 a6 5. Bc4 Qc7 6. Bb3 Nf6 7. Nc3 Bb4 8. Bd2 0-0 9. Qe2 d6 10. 0-0-0 Nc6 11. Nxc6 bxc6 12. f4 d5 13. e5 Bxc3 14. Bxc3 Ne4 15. Be1 Rb8 16. c4 Qb6 17. Kb1 a5 18. Rd3 Ba6 19. Rh3 g6 20. Ka1 a4 21. Bxa4 Bxc4 22. Qc2 Rb7 23. Bb3 Bb5 24. Rf3 c5 25. Bf2 Bc6 26. Rc1 Bd7 27. Rb1 Ra8 28. a3 Qa5 29. Be1 Qa6 30. Ba2 c4 31. Bc3 Nc5 32. Rd1 Ba4 33. Qe2 Bxd1 34. Qxd1 Na4 35. Bd4 Qb5 36. Qc1 Rab8 37. Rf2 Rc7 38. g4 Nc5 39. Rc2 Rbc8 40. h4 Nb3+ 41. Bxb3 cxb3 42. Rc3 Qd3 43. Rxc7 Rxc7 44. Bc3 d4 45. h5 dxc3 46. hxg6 cxb2+ 47. Qxb2 Qd1+ 48. Qb1 Qd4+ 49. Qb2 Rc1# 0-1